Statistiken für Berühmte Persönlichkeiten 3

Klicken Sie hier um das Quiz zu spielen!

Allgemein

  • Dieses Quiz wurde 132 mal gespielt
  • Das Durchschnittsergebnis liegt bei 7 aus 13

Antwortstatistiken

BeschreibungName% Korrekt
bedeutendster Prophet jener Religion mit der zweitgrößten Anhängerzahl, gestorben 632 in Medina, nach dem Tod des Gesuchten führte Abu Bakr die Gemeinschaft der Gläubigen anMohammed
86%
blonde, lockige Haare, Filmschauspielerin und Fotomodel, wurde in den 1950er Jahren zum Weltstar, starb 1962 im Alter von nur 36 Jahren offiziell an einer Überdosis Barbiturate, ihr wurde eine heimliche Affäre zu John F. Kennedy nachgesagtMarilyn Monroe
80%
deutschmährischer Unternehmer, welcher während des 2. Weltkrieges gemeinsam mit seiner Frau ca. 1.200 Juden vor der Ermordung in Konzentrationslagern bewahrteOskar Schindler
75%
deutsche Spitzenpolitikerin, seit dem Einmarsch der Russen in der Ukraine 2022 besuchte die Gesuchte bereits Wolodymyr Selenskyj in Kiew, Bündnis90/Die GrünenAnnalena Baerbock
69%
US-amerikanischer Regisseur, berühmt für die Filmreihe Star Wars, weiß-gräuliche HaareGeorge Lucas
68%
portugiesischer Seefahrer, Entdecker des Seewegs um das Kap der guten Hoffnung nach Indien (1498), 2. Vizekönig Portugiesisch-IndiensVasco da Gama
58%
französische Juristin und Politikerin, kandidierte zuletzt bei der Präsidentschaftswahl 2022 und schaffte es in die Stichwahl gegen Emmanuel Macron, berühmter Vater mit Vornamen Jean-MarieMarine Le Pen
55%
dieser Schauspieler spielte im Rahmen der Verfilmung 1993 den soeben umschriebenen Unternehmer, weitere bekannte Rollen in: Star Wars Episode I, 96 Hours, The MarksmanLiam Neeson
46%
reichster Mensch Österreichs, Milliardär, rief die Marke Red Bull ins Leben, das Marketingkonzept des Gesuchten sieht vor, durch Sponsoring im Sport den Bekanntheitsgrad zu steigernDietrich Mateschitz
41%
Mitglied des britischen Königshauses, Ehefrau des Prinzen William, lernte diesen während des Studiums kennenKate Middleton
41%
Schwerverbrecher, führte eine kriminelle Sekte unter seinem Namen an, Mitglieder der Sekte ermordeten unter anderem 1969 in L.A. die hochschwangere US-Schauspielerin Sharon TateCharles Manson
39%
seit 2013 Diktator einer Weltmacht, offizielle Bezeichnung jedoch Staatspräsident, Sozialkredit-SystemXi Jinping
19%
war ein hochrangiges Mafiamitglied der US-amerikanischen Cosa Nostra und am Mord seines eigenen Bosses der Gambino-Familie Paul Castellano beteiligt, anschließend übernahm der medienaffine Gesuchte die Geschicke der FamilieJohn Gotti
2%

Verteilung der Resultate

Perzentil nach korrekt beantworteten Fragen

Anzahl Personen mit jedem Resultat

Ihre Resultats-Entwicklung

Sie haben dieses Quiz noch nicht gespielt